Normal view
MARC view
- English Language - Grammar - Discourse analysis - Semantics
Entry Topical Term
001 - CONTROL NUMBER
- control field: 6018
003 - CONTROL NUMBER IDENTIFIER
- control field: JO-AjAnu
005 - DATE AND TIME OF LATEST TRANSACTION
- control field: 20230606071258.0
008 - FIXED-LENGTH DATA ELEMENTS
- fixed length control field: 230606|| aca||aabn | a|a d
040 ## - CATALOGING SOURCE
- Original cataloging agency: JO-AjAnu
- Transcribing agency: JO-AjAnu
150 ## - HEADING--TOPICAL TERM
- Topical term or geographic name entry element: English Language - Grammar - Discourse analysis - Semantics
670 ## - SOURCE DATA FOUND
- Source citation: Work cat.: (JO-AjAnu)3118: Strauss, Susan, Feiz, Parastou, Xiang, Xuehua , author 6017, Grammar, Meaning , and Concept: A Discourse - Based Approach to English Grammar